000 00472pab a2200157 454500
008 180718b2009 xxu||||| |||| 00| 0 eng d
100 _aRehfeld, Andrew
245 _aRepresentation rethought: on trustees, delegates, and gyroscopes in the study of political representation and democracy
260 _c2009
300 _ap.214-30.
362 _aMay
650 _aPolitics and government
773 _aAmerican Political Science Review
908 _aN
909 _a83493
999 _c83493
_d83493